| 000 | 00487nam a22001697a 4500 | ||
|---|---|---|---|
| 005 | 20251108170820.0 | ||
| 008 | 250721s1999 xx 000 0 ara d | ||
| 082 | 1 | 4 | _a344.10565/علي |
| 100 | 1 | _aعلي، عامر محمد | |
| 245 | 1 | 0 | _aشرح قانون العمل الأردني / |
| 264 | 1 |
_aإربد : _bالمركز القومي للنشر، _c1999. |
|
| 300 | _a302ص. | ||
| 650 | 1 | 7 | _aقانون العمل |
| 650 | 1 | 7 | _aالأردن |
| 942 |
_2ddc _cBK |
||
| 999 |
_c49641 _d49641 |
||